LEADER 01761nas 2200517-a 450 001 996203229603316 005 20230217213020.0 011 $a1543-0154 035 $a(OCoLC)51278268 035 $a(CKB)954927694922 035 $a(CONSER)--2002211803 035 $a(DE-599)ZDB2049313-7 035 $a(MiAaPQ)30493 035 $a(EXLCZ)99954927694922 100 $a20021227a19869999 s-- a 101 0 $aeng 135 $aurcnu|||||||| 181 $ctxt$2rdacontent 182 $cc$2rdamedia 183 $acr$2rdacarrier 200 10$aJournal of cancer education 210 $aNew York $cPergamon Press$d©1986- 300 $aRefereed/Peer-reviewed 300 $aImprint varies: : Philadelphia : Hanley & Belfus, Inc.; <19uu-2007?>: Mahway, N.J. : Lawrence Erlbaum Associates; <2008?->: [New York?] : Routledge, Taylor & Francis. 311 $a0885-8195 531 $aJ CANCER EDUC 531 $aJ. CANCER EDUC 606 $aCancer$xStudy and teaching$vPeriodicals 606 $aMedical Oncology$xeducation 606 $aCancer$xÉtude et enseignement$vPériodiques 606 $aCancer$xStudy and teaching$2fast$3(OCoLC)fst00845525 608 $aPeriodicals.$2fast 608 $aPeriodicals.$2lcgft 615 0$aCancer$xStudy and teaching 615 2$aMedical Oncology$xeducation. 615 6$aCancer$xÉtude et enseignement 615 7$aCancer$xStudy and teaching. 676 $a616.99/4/005 712 02$aAmerican Association for Cancer Education, 712 02$aEuropean Association for Cancer Education, 712 02$aPergamon Press, Inc. 712 02$aLINK (Online service) 906 $aJOURNAL 912 $a996203229603316 996 $aJournal of cancer education$91940896 997 $aUNISA LEADER 03840nam 22006135 450 001 9910369954803321 005 20251116220531.0 010 $a3-030-24756-2 024 7 $a10.1007/978-3-030-24756-0 035 $a(CKB)4100000009758970 035 $a(DE-He213)978-3-030-24756-0 035 $a(MiAaPQ)EBC5971777 035 $a(PPN)25317970X 035 $a(EXLCZ)994100000009758970 100 $a20191104d2020 u| 0 101 0 $aeng 135 $aurnn#008mamaa 181 $ctxt$2rdacontent 182 $cc$2rdamedia 183 $acr$2rdacarrier 200 10$aAtlas of Cytopathology and Radiology /$fedited by Ritu Nayar, Xiaoqi Lin, Ajit S. Paintal, Ramona Gupta, Albert A. Nemcek Jr 205 $a1st ed. 2020. 210 1$aCham :$cSpringer International Publishing :$cImprint: Springer,$d2020. 215 $a1 online resource (XIV, 251 p. 229 illus., 129 illus. in color.) 311 08$a3-030-24754-6 327 $aAn Introduction to Radiology and Cytopathology Considerations in a Collaborative Biopsy Service -- Liver -- Lungs, Mediastinum, and Pleura -- Lymph Nodes and Spleen -- Kidney, Adrenal Gland, and Paraganglia -- Pelvis, Peritoneum, and Omentum -- Esophagus, Gastrointestinal Tract, and Pancreas -- Thyroid, Parathyroid, Head, and Neck -- Salivary Glands -- Bone and Soft Tissue Tumors -- The Breast. 330 $aThe diagnostic services?pathology and radiology?are the cornerstone for supporting the delivery of high-quality healthcare by providing timely and accurate diagnosis. In this era of precision medicine, it has become increasingly important for these two services to work collaboratively in supporting patients and clinical colleagues by informing and communicating the selection and interpretation of appropriate diagnostic tests, as well as obtaining adequate tissue for diagnosis, prognostication, and therapy at initial presentation and, if required, during disease progression/relapse. This book is aimed at practicing cytopathologists and interventional radiologists as well as trainees in these areas. An essential requirement in the accurate diagnosis of these mass lesion biopsies is the correlation of cytomorphology with the radiological findings and adequate triage of acquired material during the biopsy procedure. The cytologic findings, gross surgically resected specimens, and imaging findings are illustrated to provide a complete pathologic-radiologic correlation of the entities discussed. This Atlas of Cytopathology and Radiology serves as a useful guide for pathologists and radiologists in the appropriate triage and diagnosis of deep seated mass lesions biopsied under ultrasound, CT Scan or fluoroscopic guidance. 606 $aPathology 606 $aNeoplasms$xdiagnosis 606 $aCytodiagnosis$xmethods 606 $aCells$xpathology 606 $aRadiology, Interventional 606 $aPathology$3https://scigraph.springernature.com/ontologies/product-market-codes/H4800X 608 $aAtlas. 615 0$aPathology. 615 12$aNeoplasms$xdiagnosis. 615 12$aCytodiagnosis$xmethods. 615 22$aCells$xpathology. 615 22$aRadiology, Interventional. 615 14$aPathology. 676 $a616.07 676 $a616.07 702 $aNayar$b Ritu$4edt$4http://id.loc.gov/vocabulary/relators/edt 702 $aLin$b Xiaoqi$4edt$4http://id.loc.gov/vocabulary/relators/edt 702 $aPaintal$b Ajit S.$4edt$4http://id.loc.gov/vocabulary/relators/edt 702 $aGupta$b Ramona$4edt$4http://id.loc.gov/vocabulary/relators/edt 702 $aNemcek Jr$b Albert A$4edt$4http://id.loc.gov/vocabulary/relators/edt 801 0$bMiAaPQ 801 1$bMiAaPQ 801 2$bMiAaPQ 906 $aBOOK 912 $a9910369954803321 996 $aAtlas of Cytopathology and Radiology$91918766 997 $aUNINA